000 01741nam0a2200373 4500
001 RU\NLR\bibl\817560
005 20250614134710.0
010 _a5-235-02795-7
_95000
021 _aRU
_b2005-13935
_9708
035 _aRSL-KNO-002581002
035 _a(NLR Aleph) 000806488
090 _a1214052
_c1214052
100 _a20050314d2005 |||y0rusy50 ca
101 1 _arus
_ceng
102 _aRU
105 _aa |||||||||
106 _ar
200 1 _aЛенин
_eжизнь и смерть
_fРоберт Пейн
_g[пер. с англ. О.Л. Никулиной]
205 _a[Изд. 2-е]
210 _aМ.
_cМолодая гвардия
_d2005
_gТип. АО Мол. гвардия
215 _a666,[1] с., [24] л. ил., портр.
_cил., фак.
_d21
225 1 _aЖизнь замечательных людей
_eЖЗЛ
_eСер. биогр.
_fОсн. в 1890 г. Ф. Павленковым и продолж. в 1933 г. М. Горьким
_vВып. 1128 (928)
320 _aБиблиогр.: с. 663-665
600 1 _aЛенин
_bВ.И.
_f1870 - 1924
_gВладимир Ильич
_xБиография
_91458393
_3RU\NLR\auth\66618539
610 0 _aМарксизм-ленинизм -- Жизнь и деятельность К.Маркса, Ф.Энгельса, В.И.Ленина -- Жизнь и деятельность В.И.Ленина -- Общие работы. Общие материалы к изучению жизни и деятельности
686 _aА35,0
_2rubbk
686 _aА35,1
700 1 _aПейн
_bР.
_gРоберт
_4070
801 0 _aRU
_bRuMoRKP
_c20050314
_grcr
801 1 _aRU
_bRuMoRGB
_c20050314
801 2 _aRU
_bNLR
_c20050708
_gPSBO
942 _cBOOK
980 _aNB